[Event "ROM-ch U10 Girls"]
[Site "Calimanesti Caciulata"]
[Date "2016.04.24"]
[Round "8"]
[White "Jurkovschi, Aida Maria"]
[Black "Voicu, Rebeca Maria"]
[Result "0-1"]
[WhiteElo "1044"]
[BlackElo "1001"]
[PlyCount "98"]
[EventDate "2016.04.18"]
[EventType "swiss"]
[EventRounds "9"]
[EventCountry "ROU"]
[SourceTitle "CBM 172 Extra"]
[Source "ChessBase"]
[SourceDate "2016.06.21"]
[SourceVersion "1"]
[SourceVersionDate "2016.06.21"]
[SourceQuality "1"]

1. e4 e5 2. Nf3 Nc6 3. Bc4 Nf6 4. Ng5 Nxe4 5. Nxe4 d5 6. Bb3 dxe4 7. Qh5 g6 8. Qe2 Qg5 9. Qxe4 Bg7 10. 0-0 0-0 11. d3 Qh5 12. Nc3 Bf5 13. Qa4 Bh6 14. Bxh6 Qxh6 15. Qb5 Rab8 16. Rfe1 Rfe8 17. Qc4 Nd8 18. Qxc7 Qg5 19. Re3 Ne6 20. Qxe5 h5 21. Nb5 Nf4 22. Rg3 Qh4 23. Qd4 Ne2+ 24. Kh1 Nxd4 25. Nxd4 Qxd4 26. c3 Qd6 27. d4 Re7 28. h3 Rbe8 29. Kh2 h4 30. Rd1 hxg3+ 31. fxg3 Qc6 32. d5 Qc5 33. d6 Re2 34. d7 Rd8 35. g4 Qe5+ 36. Kh1 Re1+ 37. Rxe1 Qxe1+ 38. Kh2 Bd3 39. a4 Rxd7 40. a5 Ba6 41. c4 Qe5+ 42. Kg1 Qf4 43. g3 Qxg3+ 44. Kf1 Qxb3 45. h4 Qxb2 46. Ke1 Qd2+ 47. Kf1 Bxc4+ 48. Kg1 Re7 49. a6 Re1# 0-1

[Event "ROM-ch U10 Girls"]
[Site "Calimanesti Caciulata"]
[Date "2016.04.23"]
[Round "7"]
[White "Petculescu, Diana Silvana"]
[Black "Jurkovschi, Aida Maria"]
[Result "1-0"]
[WhiteElo "1039"]
[BlackElo "1044"]
[PlyCount "95"]
[EventDate "2016.04.18"]
[EventType "swiss"]
[EventRounds "9"]
[EventCountry "ROU"]
[SourceTitle "CBM 172 Extra"]
[Source "ChessBase"]
[SourceDate "2016.06.21"]
[SourceVersion "1"]
[SourceVersionDate "2016.06.21"]
[SourceQuality "1"]

1. e4 e5 2. Nf3 Nc6 3. d4 exd4 4. Nxd4 Ne5 5. Bf4 Ng6 6. Qd2 Nf6 7. Bg5 Be7 8. Nc3 h6 9. Bxf6 Bxf6 10. 0-0-0 0-0 11. Kb1 d6 12. Bc4 c5 13. Ndb5 Qb6 14. Qxd6 Qa5 15. Qxc5 a6 16. Qa3 Qb6 17. f3 Rb8 18. Nd6 Ne5 19. Nxc8 Rfxc8 20. Bd5 Nd7 21. Bb3 Nc5 22. Nd5 Qc6 23. Nxf6+ Qxf6 24. Rd5 b6 25. Bc4 Rd8 26. Rxd8+ Rxd8 27. b4 Nb7 28. Qxa6 Qc3 29. Bxf7+ Kxf7 30. Qxb7+ Kg8 31. Qxb6 Rd2 32. Qc5 Qa3 33. Qa5 Qc3 34. Qa4 Qc4 35. Qb3 Qxb3+ 36. cxb3 Rxg2 37. b5 Rg6 38. a4 h5 39. Re1 Re6 40. a5 h4 41. b6 Re8 42. a6 g5 43. b7 Rb8 44. a7 Rxb7 45. a8Q+ Kg7 46. Qxb7+ Kg6 47. Rc1 Kh5 48. Qd5 1-0

[Event "ROM-ch U10 Girls"]
[Site "Calimanesti Caciulata"]
[Date "2016.04.22"]
[Round "6"]
[White "Jurkovschi, Aida Maria"]
[Black "Barbu, Timea Alexandra"]
[Result "0-1"]
[WhiteElo "1044"]
[BlackElo "1169"]
[PlyCount "82"]
[EventDate "2016.04.18"]
[EventType "swiss"]
[EventRounds "9"]
[EventCountry "ROU"]
[SourceTitle "CBM 172 Extra"]
[Source "ChessBase"]
[SourceDate "2016.06.21"]
[SourceVersion "1"]
[SourceVersionDate "2016.06.21"]
[SourceQuality "1"]

1. e4 e5 2. Nf3 Nc6 3. Bc4 Bc5 4. d3 Nf6 5. 0-0 d6 6. h3 h6 7. Nc3 0-0 8. Nh4 Nxe4 9. Qh5 Nxc3 10. bxc3 Qf6 11. Bd2 Bd7 12. Rae1 Rae8 13. Ng6 a6 14. Bg5 Qxg5 15. Qxg5 hxg5 16. a4 Rd8 17. h4 gxh4 18. Re4 Bf5 19. Rxh4 Bxg6 20. Kh2 Ne7 21. Rh1 Bxf2 22. g3 Nf5 23. Rh3 Be3 24. Kg2 Bh6 25. g4 Ne3+ 26. Kf2 Nxg4+ 27. Kg3 Ne3 28. Bb3 Rfe8 29. Kf3 Nf5 30. Kf2 e4 31. d4 e3+ 32. Ke2 Re4 33. d5 Rg4 34. R1h2 Ng3+ 35. Kd1 Re8 36. Ke1 Ne4 37. Ke2 Nxc3+ 38. Kf1 e2+ 39. Ke1 Rg1+ 40. Kf2 e1Q+ 41. Kf3 Qe3# 0-1

[Event "ROM-ch U10 Girls"]
[Site "Calimanesti Caciulata"]
[Date "2016.04.21"]
[Round "4"]
[White "Jurkovschi, Aida Maria"]
[Black "Palos, Andra Maria"]
[Result "0-1"]
[WhiteElo "1044"]
[BlackElo "1091"]
[PlyCount "64"]
[EventDate "2016.04.18"]
[EventType "swiss"]
[EventRounds "9"]
[EventCountry "ROU"]
[SourceTitle "CBM 172 Extra"]
[Source "ChessBase"]
[SourceDate "2016.06.21"]
[SourceVersion "1"]
[SourceVersionDate "2016.06.21"]
[SourceQuality "1"]

1. e4 e5 2. Nf3 Nc6 3. Bc4 d6 4. d3 Be7 5. 0-0 Bg4 6. h3 Bd7 7. Nc3 Nf6 8. Nh4 Na5 9. Qf3 Nxc4 10. dxc4 Nxe4 11. Nxe4 Bxh4 12. Re1 Bc6 13. Qg4 Bf6 14. Ng3 Bd7 15. Qf3 Bc6 16. Qh5 Qd7 17. Qe2 0-0 18. Nh5 Qd8 19. Qg4 Re8 20. Bh6 Kf8 21. Bxg7+ Bxg7 22. Qxg7+ Ke7 23. Qf6+ Kd7 24. Qxf7+ Kc8 25. Qxh7 Rg8 26. g3 Bd7 27. h4 b6 28. Nf6 Qxf6 29. Qxg8+ Kb7 30. Qd5+ Bc6 31. Qd3 Rf8 32. Re3 Qxf2# 0-1